Statistics for Capitais do Mundo

Click here to take the quiz!

General Stats

  • This quiz has been taken 30,676 times
    (26,946 since last reset)
  • The average score is 80 of 196

Answer Stats

Países Capitais % Correct
AlemanhaBerlim
93%
FrançaParis
92%
EspanhaMadrid
91%
ItáliaRoma
90%
BrasilBrasília
89%
PortugalLisboa
89%
Reino UnidoLondres
87%
RússiaMoscovo
85%
GréciaAtenas
85%
ArgentinaBuenos Aires
85%
Estados UnidosWashington D.C.
82%
MéxicoMexico City
81%
BélgicaBruxelas
80%
JapãoTóquio
80%
VaticanoVaticano
79%
ChinaPequim
79%
ÁustriaViena
78%
Países BaixosAmesterdão
77%
PeruLima
77%
NoruegaOslo
76%
ChileSantiago
76%
IrlandaDublin
76%
VenezuelaCaracas
73%
Coréia do SulSeul
73%
EquadorQuito
71%
CanadáOttawa
71%
MônacoMonaco
71%
BolíviaLa Paz ou Sucre
71%
CubaHavana
70%
SuéciaEstocolmo
70%
República ChecaPraga
70%
DinamarcaCopenhaga
69%
UruguaiMontevidéu
69%
ColômbiaBogotá
69%
HungriaBudapeste
68%
LuxemburgoLuxemburgo
68%
ParaguaiAssunção
67%
UcrâniaKiev
67%
SuíçaBerna
66%
PolôniaVarsóvia
66%
BulgáriaSofia
65%
EgitoCairo
65%
AustráliaCamberra
64%
FinlândiaHelsínquia
63%
IsraelJerusalém
63%
CroáciaZagreb
63%
San MarinoSan Marino
62%
ÍndiaNova Deli
61%
África do SulPretória,
Cidade do Cabo,
ou Bloemfontein
61%
PanamáCidade do
Panamá
60%
RomêniaBucareste
58%
AngolaLuanda
57%
BielorrússiaMinsk
55%
AlbâniaTirana
55%
Bósnia e
Herzegovina
Sarajevo
54%
JamaicaKingston
52%
São Vicente e
Granadinas
Kingstown
52%
AfeganistãoCabul
52%
IraqueBagdá
52%
TurquiaAncara
51%
Nova ZelândiaWellington
51%
AndorraAndorra-a-Velha
51%
SíriaDamasco
50%
HaitiPorto Príncipe
50%
Coréia do NortePyongyang
49%
EslováquiaBratislava
49%
Emirados Árabes
Unidos
Abu Dhabi
49%
GuianaGeorgetown
48%
El SalvadorSan Salvador
48%
ArgéliaArgel
47%
IrãTeerã
47%
SérviaBelgrado
47%
EstôniaTallinn
46%
SingapuraSingapura
45%
LíbanoBeirute
44%
LetóniaRiga
44%
Costa RicaSan José
44%
SurinameParamaribo
44%
IslândiaReykjavík
44%
GuatemalaCidade da
Guatemala
44%
EslovéniaLiubliana
42%
NicaráguaManágua
42%
MaltaValeta
41%
Arábia SauditaRiade
41%
KuweitKuweit
40%
LiechtensteinVaduz
40%
FilipinasManila
40%
LituâniaVilnius
40%
CatarDoha
40%
Cabo VerdePraia
39%
MalásiaKuala Lumpur
39%
BahamasNassau
38%
República
Dominicana
Santo Domingo
38%
VietnameHanói
37%
IndonésiaJakarta
37%
AzerbaijãoBaku
36%
TailândiaBangkok
36%
ChipreNicosia
36%
BangladeshDaca
36%
HondurasTegucigalpa
35%
MoçambiqueMaputo
35%
KosovoPristina
35%
TaiwanTaipé
34%
PaquistãoIslamabad
34%
TunísiaTunes
34%
JordâniaAmã
34%
Macedónia do NorteEscópia
34%
QuêniaNairóbi
34%
CazaquistãoNursultan
33%
MarrocosRabat
33%
NepalCatmandu
31%
MontenegroPodgorica
31%
Guiné-BissauBissau
31%
SenegalDakar
30%
DjiboutiDjibouti
30%
LíbiaTrípoli
30%
ArmêniaErevan
29%
EtiópiaAdis Abeba
29%
MoldáviaChișinău
29%
BelizeBelmopan
28%
Trinidad e TobagoPort-of-Spain
28%
IémenSaná
28%
MongóliaUlaanbaatar
28%
Timor LesteDíli
27%
São Tomé e
Príncipe
São Tomé
27%
MadagáscarAntananarivo
27%
GeórgiaTbilisi
27%
GanaAccra
25%
BarbadosBridgetown
24%
MaldivasMalé
24%
ButãoThimbu
24%
OmãMascate
24%
Antígua e
Barbuda
Saint John's
24%
NigériaAbuja
23%
LaosVientiane
23%
FijiSuva
23%
BahreinManama
23%
DominicaRoseau
22%
CambojaPhnom Penh
22%
Serra LeoaFreetown
22%
República do
Congo
Brazzaville
22%
CamarõesYaoundé
22%
GabãoLibreville
21%
BenimPorto-Novo ou
Cotonou
21%
GranadaSaint George's
21%
SudãoCartum
21%
SeychellesVictoria
20%
Santa LúciaCastries
20%
EritreiaAsmara
20%
República
Democrática
do Congo
Kinshasa
20%
BruneiBandar Seri
Begawan
20%
TogoLomé
20%
ZimbábueHarare
20%
Sudão do SulJuba
19%
Burkina FasoOuagadougou
19%
SomáliaMogadíscio
19%
BotswanaGaborone
19%
UzbequistãoTashkent
19%
Papua Nova
Guiné
Port Moresby
19%
GuinéConacri
19%
São Cristóvão
e Nevis
Basseterre
18%
LibériaMonróvia
18%
SamoaApia
18%
QuirguistãoBisqueque
17%
Sri LankaKotte
17%
RuandaKigali
17%
UgandaKampala
17%
MauríciaPort Louis
16%
VanuatuPort Vila
16%
ComoresMoroni
16%
ZâmbiaLusaka
16%
ChadeN'Djamena
16%
LesotoMaseru
15%
BirmâniaNaypyidaw
15%
BurundiGitega
15%
República
Centro-Africana
Bangui
15%
Costa do MarfimYamoussoukro
15%
Guiné EquatorialMalabo
15%
TuvaluFunafuti
15%
GâmbiaBanjul
15%
MaliBamako
15%
Estados
Federados da
Micronésia
Palikir
15%
NamíbiaWindhoek
15%
NígerNiamey
15%
TurquemenistãoAsgabate
15%
TajiquistãoDuchambé
15%
Ilhas MarshallMajuro
15%
Ilhas SalomãoHoniara
14%
TanzâniaDodoma
14%
NauruYaren
14%
TongaNukuʻalofa
14%
KiribatiTarawa
13%
SuazilândiaMbabane
13%
MalawiLilongwe
13%
MauritâniaNouakchott
12%
PalauNgerulmud
11%

Score Distribution

Percentile by Number Answered

Percent of People with Each Score

Your Score History

You have not taken this quiz since the last reset